000 003830000a22001450004500
020 _a939-01049-X
041 0 _aENG
082 0 4 _aG 922.945 E687g
100 1 _aErikson, Erik H. (Homburger) (1902-)
245 1 0 _aGandhi's truth : On the origins of militant nonviolence / Erik H. Erikson
260 _aNew York, USA : W.W. Norton
300 _a476 Pag
001 11485
942 _cBK
999 _c40772
_d40772